LEADER 01144nam a2200265 i 4500 001 000000159778 003 CaOOAMICUS 005 20230406145450.0 008 070317s2006 it u000 u ita u 020 $a88-420-8007-1 040 $aSeMil$bita 100 1 $aGivone, Sergio,$d<1944- >.$0(OLS)http://semarc/name/6771 245 10$aDostoevskij e la filosofia /$cSergio Givone. 250 $aNuova edizione con l'aggiunta di una prefazione. 264 1$aRoma ; Bari :$bLaterza,$c2006. 300 $aXIV, 169 p. ;$c21 cm. 490 1 $aBiblioteca universale Laterza ;$v586 650 4$aDostoevskij, Fëdor Michajlovi? <1821-1881> - Pensiero filosofico.$0(OLS)http://semarc/subject/48161 830 0$aBiblioteca universale Laterza ;$v586.$0(OLS)http://semarc/title/6930 850 $aSeMil 852 $aSeMil$W1$xVenegono$y1$m1R II 28$j239382$B225747$CSeMilBibl$Z2$F225747 $81 996 $6020$a88-420-8007-1$9(OLS)http://semarc/number/75433 996 $6245$aDostoevskij e la filosofia$9(OLS)http://semarc/title/142009 996 $6264$aRoma ; Bari :$bLaterza$9(OLS)http://semarc/publisher/30305 LEADER 00636naa a2200145 i 4500 001 000000301685 003 CaOOAMICUS 005 20180831172727.0 008 180831n xx u000 u und u 013 $a9419 040 $aSeMil$bita 100 1 $aFelmy, Karl Christian <1938->.$0(OLS)http://semarc/name/34020 245 10$aGabe und Anfrage der orthodoxen liturgischen Theologie an die Kir 89. 773 0 $tGottesdienst, Weg zur Einheit.$dFreiburg ; Basel ; Wien : Herder, 1989.$kQuaestiones disputatae $z3-451-02122-9$w()35623 996 $6245$aGabe und Anfrage der orthodoxen liturgischen Theologie an die Kir 89$9(OLS)http://semarc/title/377678